| 000 | 00906nam a2200277 i 4500 | ||
|---|---|---|---|
| 003 | DO-SdBNP | ||
| 005 | 20240529132238.0 | ||
| 006 | a||||gr|||| 00| 0 | ||
| 007 | ta | ||
| 008 | 240513e1982 dr aoc|| |||| 00| p spa d | ||
| 020 | _a9798858740094 | ||
| 040 |
_aDO-SdBNP _bspa _cBNPHU _erda |
||
| 082 | 1 |
_222 _bD331e |
|
| 100 |
_aOrbe, Antonio del, _d1964 _eautor _985457 |
||
| 245 | 1 | 0 |
_aElíseos / _cAntonio del Orbe. |
| 264 | 1 |
_aSanto Domingo : _b[no identificado], _c1982 |
|
| 300 |
_a57 páginas : _bilustraciones, fotografía, retratos ; _c23 cm. |
||
| 336 |
_2rdacontent _atexto _btxt |
||
| 337 |
_2rdamedia _asin mediación _bn |
||
| 338 |
_2rdacarrier _avolumen _bnc |
||
| 500 | _aIncluye datos biográficos del autor en la página 55 y en la contraportada. | ||
| 590 | _aInventariado 2024 / MF | ||
| 650 | 4 |
_aLiteratura dominicana. _967 |
|
| 650 | 0 |
_aPoesía dominicana _978060 |
|
| 942 |
_2ddc _cLBS1 |
||
| 999 |
_c56652 _d56652 |
||